00645 2200241 4500001002100000005001500021035002000036245007700056100001200133250000600145300003500151700002000186260004700206082001300253084001900266020002200285650001100307990001700318990001700335990001700352990001700369990001700386INLIS00000000000005320180810011856 a0010-08180000171 aThaharah dan Shalat Bagi Orang Sakit /cHidayat; Editor, A.M. Komaruddin0 aHidayat a- aiv, 44 hlm. :bilus. ;c21 cm.0 aA.M. Komaruddin aBandung :bPT Imperial Bhakti Utama,c2009 a297.3822 a297.3822 HID t a978-602-831-833-4 aShalat a00218/P/2018 a00219/P/2018 a00220/P/2018 a00221/P/2018 a00222/P/2018